000 00623nam a2200205 a 4500
005 20250826063911.0
008 030918s1997 mx r 000 0 spa d
020 _a968391361X
035 _aUPN01000128959
049 _aCG
050 4 _aRC537
_bO8.6
100 1 _aOwen, Patricia L.,
_d1951-
245 1 0 _aPuedo ver el mañana :
_buna guía para vivir con la depresión /
_cPatricia L. Owen ; tr. Eliane Cazenave-Tapie.
260 _aMéxico :
_bPROMEXA,
_c1997.
300 _a278 p.
440 0 _aHombre nuevo
534 _pTraducción de:
_tI can see tomorrow
650 2 _aDepresión mental
_97508
905 _aLibro
999 _c101132
_d101132